Displacements Reading Space and Time in Moving Image Installations /

This book is about the aesthetics and politics of contemporary artists' moving image installations, and the ways that they use temporal and spatial relationships in the gallery to connect with geopolitical issues. Displaced from the cinema, moving images increasingly address themes of movement...

Πλήρης περιγραφή

Λεπτομέρειες βιβλιογραφικής εγγραφής
Κύριος συγγραφέας: Butler, Alison (Συγγραφέας, http://id.loc.gov/vocabulary/relators/aut)
Συγγραφή απο Οργανισμό/Αρχή: SpringerLink (Online service)
Μορφή: Ηλεκτρονική πηγή Ηλ. βιβλίο
Γλώσσα:English
Έκδοση: Cham : Springer International Publishing : Imprint: Palgrave Macmillan, 2019.
Έκδοση:1st ed. 2019.
Σειρά:Palgrave Close Readings in Film and Television
Θέματα:
Διαθέσιμο Online:Full Text via HEAL-Link
LEADER 03143nam a2200481 4500
001 978-3-030-30461-4
003 DE-He213
005 20191120141555.0
007 cr nn 008mamaa
008 191120s2019 gw | s |||| 0|eng d
020 |a 9783030304614  |9 978-3-030-30461-4 
024 7 |a 10.1007/978-3-030-30461-4  |2 doi 
040 |d GrThAP 
050 4 |a PN1993-1999 
072 7 |a AP  |2 bicssc 
072 7 |a PER004000  |2 bisacsh 
072 7 |a ATF  |2 thema 
082 0 4 |a 791.43  |2 23 
100 1 |a Butler, Alison.  |e author.  |4 aut  |4 http://id.loc.gov/vocabulary/relators/aut 
245 1 0 |a Displacements  |h [electronic resource] :  |b Reading Space and Time in Moving Image Installations /  |c by Alison Butler. 
250 |a 1st ed. 2019. 
264 1 |a Cham :  |b Springer International Publishing :  |b Imprint: Palgrave Macmillan,  |c 2019. 
300 |a IX, 178 p. 26 illus., 23 illus. in color.  |b online resource. 
336 |a text  |b txt  |2 rdacontent 
337 |a computer  |b c  |2 rdamedia 
338 |a online resource  |b cr  |2 rdacarrier 
347 |a text file  |b PDF  |2 rda 
490 1 |a Palgrave Close Readings in Film and Television 
505 0 |a 1. Introduction -- 2. NOW and then -- 3. Imaginary museums and immaterial objects -- 4. Circulating -- 5. The visitor, the wanderer and the migrant -- 6. War zones -- 7. Epilogue. . 
520 |a This book is about the aesthetics and politics of contemporary artists' moving image installations, and the ways that they use temporal and spatial relationships in the gallery to connect with geopolitical issues. Displaced from the cinema, moving images increasingly address themes of movement and change in the world today. Digital technology has facilitated an explosion of work of this kind, and the expansion of contemporary art museums, biennales and large-scale exhibitions all over the world has created venues and audiences for it. Despite its 20th century precursors, this is a new and distinct artistic form, with an emerging body of thematic concerns and aesthetics strategies. Through detailed analysis of a range of important 21st century works, the book explores how this spatio-temporal form has been used to address major issues of our time, including post-colonialism, migration and conflict. Paying close attention to the ways in which moving images interact with the specific spaces and sites of exhibition, the book explores the mobile viewer's experiences in these immersive and transitory works. 
650 0 |a Motion pictures. 
650 0 |a Arts. 
650 1 4 |a Close Reading.  |0 http://scigraph.springernature.com/things/product-market-codes/413250 
650 2 4 |a Arts.  |0 http://scigraph.springernature.com/things/product-market-codes/416000 
710 2 |a SpringerLink (Online service) 
773 0 |t Springer eBooks 
776 0 8 |i Printed edition:  |z 9783030304607 
776 0 8 |i Printed edition:  |z 9783030304621 
776 0 8 |i Printed edition:  |z 9783030304638 
830 0 |a Palgrave Close Readings in Film and Television 
856 4 0 |u https://doi.org/10.1007/978-3-030-30461-4  |z Full Text via HEAL-Link 
912 |a ZDB-2-LCM 
950 |a Literature, Cultural and Media Studies (Springer-41173)